Kariera trenerska Marcelo Bielsy - Statystyki

Ogólne statystyki
  • Ten quiz został rozwiązany 27 razy
  • Średni wynik to 3 z 13
Statystyki odpowiedzi
Lata Drużyna % Poprawnych
2018-teraz Leeds
93%
1998-2004 Argentyna
30%
2004-2004 Argentyna
30%
2011-2013 Athletic Bilbao
26%
2016-2016 Lazio
22%
2017-2017 Lille
22%
2014-2015 Olympique Marsylia
22%
1998-1998 Espanyol
19%
2007-2011 Chile
11%
1992-1993 Newells Old Boys
11%
1997-1998 Velez Sarsfield
7%
1993-1995 Atlas
0%
1995-1996 Club America
0%
Nie znaleziono quizów pasujących do podanych kryteriów
Rozkład punktacji
Procent ludzi z każdym wynikiem
Percentyl według liczby udzielonych odpowiedzi
Twoja historia wyników
Nie rozwiązałeś tego quizu